| 000 | 03224nam a22003377a 4500 | ||
|---|---|---|---|
| 001 | TIC 0036 | ||
| 003 | gtcocun | ||
| 005 | 20250922172139.0 | ||
| 006 | a||||gr|||| 00| 0 | ||
| 007 | ta | ||
| 008 | 250922b2024 gt ||||| m||| 00| 0 eng d | ||
| 040 |
_agtcocun _bSPA _cgtcocun _eRDA |
||
| 041 | _aSPA TIC 0036 | ||
| 084 | _0TIC 0036 | ||
| 100 |
_aReyes Calvillo, Samory Edivaldo _eAutor |
||
| 245 |
_aINFORME FINAL DEL EJERCICIO PROFESIONAL SUPERVISADO DISEÑO Y PLANIFICACIÓN DE SISTEMA DE AGUA POTABLE POR GRAVEDAD PARA EL ÁREA URBANA Y EL DRENAJE PLUVIAL PARA 2da CALLE COLINDANTE A PARK HOTEL, SANTA CRUZ VERAPAZ, ALTA VERAPAZ./ _cSamory Edivaldo Reyes Calvillo. _hImpreso |
||
| 264 |
_aCobán, Alta Verapaz: _bUniversidad de San Carlos de Guatemala, Centro Universitario del Norte, Ingeniería Civil _c2024 |
||
| 300 |
_a161 p.: _bIlustraciones, gráficas. _c28 cm; |
||
| 300 | _cPDF | ||
| 336 |
_2rdacontenido _aTexto _btxt |
||
| 337 |
_2rdamedio _aComputadora _bn |
||
| 338 |
_2rdasoporte _aCódigo en línea _bcr |
||
| 502 | _eTIC 0036 | ||
| 502 |
_aTesis de grado _bIngeniería Civil, _cUniversidad de San Carlos de Guatemala, Centro Universitario del Norte, Ingeniería Civil _d2024 _oTIC 0036 |
||
| 520 | 1 | 4 | _aEn el marco del Ejercicio Profesional Supervisado E.P.S. llevado a cabo en la municipalidad de Santa Cruz Verapaz, ubicada en el departamento de Alta Verapaz, se desarrollaron dos proyectos de infraestructura de vital importancia para el progreso de la comunidad. El primero de estos proyectos abordó la optimización del sistema de agua potable en el núcleo urbano de la municipalidad. El abastecimiento de agua proviene del manantial de la comunidad de Panahá. El proyecto comprende una serie de componentes esenciales, que incluye la captación del recurso, una línea de conducción, estructuras hidráulicas, un tanque de distribución y una red de distribución. Este sistema funcionará bajo el principio de gravedad, con una red de distribución de tipo cerrado para garantizar la eficiencia y calidad del servicio. El segundo proyecto se enfocó en la gestión de aguas pluviales en la 2da Calle, contigua a Park Hotel. Esta calle, caracterizada por su topografía de hondonada y flanqueada por infraestructura de mampostería en ambos lados, carecía de un sistema de drenaje adecuado. La solución incluye la instalación de pozos de visita, tuberías y un pozo de absorción para canalizar y gestionar de manera eficaz el agua pluvial que se acumulaba en esta zona. Ambos proyectos, desarrollados en el contexto del E.P.S., tienen como objetivo mejorar la calidad de vida de los habitantes de Santa Cruz Verapaz y contribuir al desarrollo sostenible de la comunidad al abordar de manera integral las necesidades de agua potable y el manejo de aguas pluviales. |
| 650 | 1 | 4 |
_2LEMB _aSanta Cruz Verapaz, Alta Verapaz. _xIngeniería _xInfrastructura _xAgua potable _xConducción _xDistribuidora _xDrenaje |
| 700 |
_aIng. Civil. Jorge Haroldo Dubón Xitumul _eAsesor |
||
| 856 |
_uhttps://drive.google.com/file/d/1kxI9gVn4YmccxB5A6qk2BpR-b-nnH15S/view _yPDF _zUn ejemplar en línea. |
||
| 942 |
_2ddc _cTES _iTIC 0036 _kClasificación _n0 _6TIC_0036_000000000000000 |
||
| 999 |
_c2046 _d2046 |
||